000 00472nam a2200157Ia 4500
003 GCL
008 140319s9999 xx 000 0 eng d
040 _aGCL /
_cGCL
082 0 4 _aCH
_b032
_bS M
100 1 _aSTEELE, PHILIP
245 1 0 _aMY FIRST BOOK OF QUESTIONA AND ANSWERS: SIMPLE ANSWERS TO DIFFICULT QUESTIONS /
_cSTEELE, PHILIP
260 _a[S.N] :
_bDEAN, AN IMPRINT OF REED CHILDREN'S BOOK ،
_c1993
300 _a128
650 0 4 _aKNOWLEDGE
942 _2ddc
_cBK
999 _c18083
_d18083